| 000 | 00565nam a2200157Ia 4500 | ||
|---|---|---|---|
| 008 | 151213s9999 xx 000 0 und d | ||
| 100 | _aমো: আব্দুল হাই | ||
| 245 |
_aবাংলা সাহিত্যের ইতিবৃত্ত _cমো: আব্দুল হাই |
||
| 250 | _a১ম সং | ||
| 260 |
_aঢাকা _bমেছবাহ উদ্দীন আহমেদ _c1979 |
||
| 300 | _a8336 p. | ||
| 650 | _aBangla | ||
| 650 | _aইতিবৃত্ত | ||
| 700 | _aমো: আব্দুল হাই | ||
| 999 |
_c4178 _d4178 |
||